000 00873nam a2200253 a 4500
001 60617
003 BD-RjUL
005 20211209080849.0
008 170101r19751972dcu b 000 0 eng
035 _a(OCoLC)ocm00393520
035 _a(BD-RjUL)60741
035 _a(NNC)2542950
040 _aDLC
_cDLC
_dZCU
_beng
041 _aeng
082 0 0 _a379.15
_bCOE 1975
100 1 _aCombs, Arthur W.
_q(Arthur Wright),
_d1912-1999.
_9180563
245 1 0 _aEducational accountability; beyond behavioral objectives
_c[by] Arthur W. Combs. Foreword by Jack R. Frymier.
260 _aWashington :
_bAssociation for Supervision and Curriculum Development,
_cc1972 [Reprinted 1975]
300 _avi, 40 p. ;
_c23 cm.
504 _aIncludes bibliographical references.
650 0 _aEducational accountability
_zUnited States.
_9180564
942 _2ddc
_cBK
999 _c60617
_d60617